000
00327nam a22001457a 4500
005
20160622155242.0
008
160622b xxu||||| |||| 00| 0 eng d
041
_a
eng
082
_b
9251
100
_a
Robbins and Stephen P
_9
2524
245
_a
Organization Design
300
_a
243
650
_a
Management
_9
241
942
_c
BK
999
_c
3587
_d
3586